La pena de multa
Sparad:
| Huvudupphovsman: | |
|---|---|
| Materialtyp: | Bok |
| Språk: | spanska |
| Publicerad: |
Madrid
Excma. Mancomunidad de Cabildos
1977
|
| Serie: | Colección: Ciencias Sociales. Serie Derecho
|
| Ämnen: | |
| Taggar: |
Lägg till en tagg
Inga taggar, Lägg till första taggen!
|
MARC
| LEADER | 00000nam a2200000 a 4500 | ||
|---|---|---|---|
| 001 | UCU9404 | ||
| 003 | CL-VaPUC | ||
| 008 | 960816e19770000SP |||||||||||||||||spa|d | ||
| 082 | 0 | 4 | |a 364.68 |b MAN |2 21 |
| 100 | |a Manzanares Samaniego, José Luis |e autor |9 463572 | ||
| 245 | 1 | 3 | |a La pena de multa |
| 300 | |a 471 p | ||
| 942 | |c BK | ||
| 945 | |d 19960816 00:00:00 |a rleighto | ||
| 260 | |a Madrid |b Excma. Mancomunidad de Cabildos |c 1977 | ||
| 650 | 7 | |a DERECHO |2 CL-VaPUC |9 368466 | |
| 650 | 0 | |a Aplicación de la ley |9 338319 | |
| 650 | 0 | |a Delito |9 336975 | |
| 650 | 0 | |a Administración de justicia |9 382749 | |
| 650 | 0 | |a Prisiones |9 255309 | |
| 583 | |a last modification |c 19960816 00:00:00 |k Rodrigo Vera | ||
| 490 | 0 | |a Colección: Ciencias Sociales. Serie Derecho | |
| 999 | |c 251152 |d 251150 | ||
| 952 | |0 0 |1 0 |4 0 |6 364_680000000000000_MAN_1977 |7 0 |8 A |9 270129 |a BIBDER |b BIBDER |d 2019-11-19 |i 3220265 |o 364.68 MAN 1977 |p 3220265 |r 2023-01-25 |w 2019-11-19 |y BK |k DER | ||